| 000 | 00377nas a22001457a 4500 | ||
|---|---|---|---|
| 003 | OSt | ||
| 005 | 20241005115223.0 | ||
| 008 | 210826b ||||| |||| 00| 0 eng d | ||
| 022 | _20253-7222 | ||
| 040 | _c | ||
| 245 | _aJournal of dharma | ||
| 260 |
_aDharma Research Association _bApril-June 2021 |
||
| 856 | _uhttps://dvk.in/jme/journal-details/NA== | ||
| 942 |
_2ddc _cPR _s1 |
||
| 999 |
_c216152 _d216152 |
||